Game of Thrones Trivia (Hard) - Statistics

General Stats
  • This quiz has been taken 384 times
  • The average score is 6 of 15
Answer Stats
Hint Answer % Correct
Tormund's Last Name Giantsbane
93%
Tommen's Cat Ser Pounce
65%
Sigil of Petyr Baelish Mockingbird
53%
Birthplace of Jon Snow Tower of Joy
53%
House of the Faceless Men Black and White
52%
Tarly's Valyrion Steel Sword Heartsbane
51%
Youngest Sand Snake Tyene
36%
Who Did Polliver Kill With Needle Lommy
35%
Missandei's Home Narth
28%
Leader of the Thens is Called Magnar
27%
Kingsgaurd Who Attacks Tyrion Mandon Moore
26%
Entrance to the Eyrie The Bloody Gate
23%
Ancestral Home of the Umber's The Last Hearth
21%
Sigil of Harrenhal Bat
20%
Who Killed Catelyn Stark Black Walder Rivers
7%
No matching quizzes found
Score Distribution
Percent of People with Each Score
Percentile by Number Answered
Your Score History
You have not taken this quiz